Risk-based land use planning guidelines.

Guardado en:
Autor Corporativo: Mayor industrial accidents council of Canadá.
Formato: Libro
Idioma:English
Publicado: Canadá : Mayor industriaal accidents council of Canadá, 1995.
Materias:
Etiquetas: Agregar Etiqueta
Sin Etiquetas, Sea el primero en etiquetar este registro!
LEADER 00803nam a22002055a 4500
001 EIQ.libpla002999
008 071001s1995####xxca#####b####000#0#eng#d
005 20080926170845.0
245 0 0 |a Risk-based land use planning guidelines. 
260 |a Canadá :  |b Mayor industriaal accidents council of Canadá,  |c 1995. 
300 |a v. :  |b il. ;  |c 30 cm. 
504 |a Incluye referencias bibliográficas (p. 35-36). 
020 |a 1895858100 
710 2 |a Mayor industrial accidents council of Canadá. 
650 4 |a Industria química  |x Medidas de seguridad. 
650 4 |a Industria química  |x Gravamen de riesgo. 
650 4 |a Chemical industry  |x Safety measures. 
650 4 |a Chemical industry  |x Risk assessmen. 
040 |a AR-BbSID  |b spa  |c AR-BbSID 
859 |a AR-BbSID  |b BIB. PLAPIQUI  |h 660.280 4  |i R 494  |p 5621  |v Vol. 1  |3 Vol. 1